00753cam a22002053a 450000100060000000300060000600500170001200800410002904000150007004200070008505000090009210000310010124502240013226000290035650600300038551600200041565300410043583000290047685600420050518601PGUSA20140828083409.0060616s2006||||xxu|||||s|||||000 | eng d aPGUSAbeng adc 4aE3001 aCoffin, Joshua,d1792-186413aAn Account of Some of the Principal Slave Insurrections, ;band, Others, Which Have Occurred, or Been Attempted, in the United States and Elsewhere, During the Last Two Centuries.h[electronic resource] /cJoshua Coffin bProject Gutenberg,c2006 aPublic domain in the USA. aElectronic text aSlave insurrections -- United States 0aProject Gutenbergv1860140uhttp://www.gutenberg.org/ebooks/18601